00525nam a2200145Ia 4500008004100000020002200041082001600063100002200079245010400101260005000205300001000255500001300265650002900278700007200307120629s9999 xx 000 0 und d a978-970-15-1060-5 a158.7 F987p aFurnham, Adrián aPsicología organizacional: el comportamiento del individuo en las organizaciones / Adrian Furnham aMéxico : Alfaomega, Oxford University Press a748 p aÍndice a1. PSICOLOGIA INDUSTRIAL aPelcastre Ortega, Gustavo; tr. \ Varela Domínguez, Ruben; rv.Ì